• 首页
  • 本馆介绍
  • 公告通知
  • 最新文献
  • 馆藏检索
  • 电子资源
  • 读者导购
  • 参考咨询
  • 我的图书馆
  • 登录
  • 详细信息显示
  • 放入我的书架
  • 预约/预借图书
  • 作者相关作品
  • 分类相关作品
  • 丛书相关作品
  • 出版社相关作品

书目信息

  • 表格格式
  • 工作单格式
  • 卡片格式
题名:
经济博弈论习题指南
    
 
作者: 谢识予 主编
分册:  
出版信息: 上海   复旦大学出版社  2003
页数: 196页
开本: 23cm
丛书名: 复旦博学
单 册:
中图分类: F224.32
科图分类:
主题词: 对策论--应用--经济--高等学校 , 对策论
电子资源:
ISBN: 7-309-03514-3
000 01022oam2 2200265 45
001 030000000977
005 20051205102038.75
010    @a7-309-03514-3@dCNY20.00
092    @aCN
100    @a20030928d2003 em y0chiy0120 ea
101 0  @achi
102    @aCN@b310000
105    @ak q 000yy
200 1  @a经济博弈论习题指南@9jing ji bo yi lun xi ti zhi nan@f谢识予主编@Fxie shi yu zhu bian
210    @a上海@c复旦大学出版社@d2003
215    @a196页@d23cm
225 2  @a复旦博学@i经济学系列
330    @a本习题指南是为主编者所著《经济博弈论》配套的习题参考解答案。但本指南并不只局限于提供上述教材各章所附习题的答案,而是在提供教材习题之外还增长率加了两部分内容,一部分是概括教材各章重点内容的“本章要点”,另一部分则是在教材习题以外增加的一些补充习题及其参考答案或解答提示。
462  0 @12001 @a复旦博学@i经济学系列
606 0  @a对策论@x应用@x经济@x高等学校
606 0  @a对策论
690    @aF224.32@v4
701  0 @a谢识予@Axie shi yu@4主编
801  0 @aCN@bTSSF@c20051205
905    @a10447@dF224.32@e155=2(+)
    
    经济博弈论习题指南/谢识予主编.-上海:复旦大学出版社,2003
    196页;23cm.-(复旦博学.经济学系列)
    
    
    ISBN 7-309-03514-3:CNY20.00
    本习题指南是为主编者所著《经济博弈论》配套的习题参考解答案。但本指南并不只局限于提供上述教材各章所附习题的答案,而是在提供教材习题之外还增长率加了两部分内容,一部分是概括教材各章重点内容的“本章要点”,另一部分则是在教材习题以外增加的一些补充习题及其参考答案或解答提示。
●
相关链接 在E读中查询图书 在五车中查询图书 在当当中查询图书 在豆瓣中查询图书


正题名:经济博弈论习题指南     索取号:F224.32/155=2(+)         预约/预借

序号 登录号 条形码 馆藏地/架位号 状态 备注
1 0361681   3616812   第一样本阅览室/ [索取号:F224.32/155=2(+)] 在馆    
2 0361682   3616821   第一借阅区/ [索取号:F224.32/155=2(+)] 在馆    
3 0361683   3616830   第一借阅区/ [索取号:F224.32/155=2(+)] 在馆    
4 0361684   3616849   第一借阅区/ [索取号:F224.32/155=2(+)] 在馆    
5 0361685   3616858   密集书库/ [索取号:F224.32/155=2(+)] 在馆    
6 0369986   203699863   第一借阅区/ [索取号:F224.32/155=2(+)] 在馆    
7 0369987   203699872   密集书库/ [索取号:F224.32/155=2(+)] 在馆    
8 0369988   203699881   第一借阅区/ [索取号:F224.32/155=2(+)] 在馆    
唐山师范学院图书馆 欢迎您!
大连网信软件有限公司© 版权所有